000 00985nam a2200289 i 4500
003 DO-SdBNP
005 20240723155410.0
007 ta
008 240723b2012 dr ||||| |||| 00| 0 spa d
020 _a9789945454406
040 _aDO-SdBNP
_bspa
_cBNPHU
_erda
082 4 _222
100 _9775
_aCastro Ventura, Santiago,
_d1949-
_eautor
245 1 3 _aLa intelectualidad de América un tormento para Trujillo /
_cSantiago Castro Ventura ; prólogo, Roberto Adonis Martín
264 1 _aSanto Domingo :
_bManatí,
_c2012.
300 _a336 páginas ;
_c23 cm.
336 _2rdacontent
_atexto
_btxt
337 _2rdamedia
_asin mediación
_bn
338 _2rdacarrier
_avolumen
_bnc
500 _aIncluye datos biográficos del autor en la contracubierta
500 _aIncluye índice onomástico
504 _aBibliografía : páginas 316-328
590 _aInventariado, 2024/BT
700 1 _aMartín, Roberto Adonius,
_eprólogo
_9238
910 _aBtavárez
942 _2ddc
_cLBS1
999 _c57345
_d57345